000 01033nac a22003137a 4500
001 BR7906615
003 BR-BrBNA
005 20240105114522.0
008 230509b bl.|||m| |||| 00| 0 por d
040 _aBR-BrBNA
_bpor
_cBiblioteca Nacional de Agricultura
072 _aF00; F30
090 _a0120 BR7906615
100 1 _aLordelo, J.A.C.
100 1 _aFonseca, J.C.
100 1 _aFernandes, G.B.
100 1 _aBraga Filho, W.A.
110 1 _aEmpresa de Pesquisa agropecuaria da Bahia, Salvador (Brasil)
_94095
245 1 _aEnsaio de milho precoce [Zea mays; Pratica cultural; Variedade; Irece; Bahia; Brasil]
260 3 _aSalvador, BA (Brasil):
_c1979.
300 _a7 p.
490 _aComunicado Tecnico - Empresa de Pesquisa Agropecuaria da Bahia (Brazil)
_vno. 34
_xISSN 0100-4816
650 _aProducao vegetal
650 _aMelhoramento genetico vegetal
650 _aMilho
650 _aPratica cultural
650 _aBahia
909 _a202312
_bLúcia Elande
_c55
_dLúcia Elande
942 _2AGRIS
_n0
_cMS
999 _c269808
_d269808